000 00872na a2200253 4500
001 15500
003 MIRAKIL
005 20181213155025.0
008 161018b tu 000 0
035 _a15500
040 _aMilas
_btur
_cTR-AnCHP
041 _ager
082 _a923.1 Ebert,F.
_bW57f 1982
090 _a923.1 Ebert,F. W57f 1982
100 _aWitt, Peter - Christian
245 _aFriedrich Ebert
_bParteiführer, reichskanzler, volksbeauftragter, reichsprasident
_cPeter - Christian Witt
246 _aParteiführer, reichskanzler, volksbeauftragter, reichsprasident
260 _aBonn
_bVerlag Neue Gesellschaft
_c1982
300 _a160 s.
_bres.
_c21 sm.
600 _aEbert, Friedrich
_d1919 - 1925
_xYaşamöyküsü
650 _aCumhurbaşkanları
_xYaşamöyküsü
651 _aAlmanya
_xCumhurbaşkanları
_yYaşamöyküsü
942 _2ddc
_cBKS
999 _c5026
_d5026